LEADER 01160nam--2200385---450- 001 990003565730203316 005 20110916093545.0 035 $a000356573 035 $aUSA01000356573 035 $a(ALEPH)000356573USA01 035 $a000356573 100 $a20110916d1999----km-y0itay50------ba 101 $aita$agrc 102 $aIT 105 $aa---||||001yy 200 1 $a<> Africa di Strabone$elibro XVII della Geografia$fintroduzione, traduzione e commento [a cura di] Nicola Biffi 210 $aModugno$cEdizioni dal Sud$d1999 215 $a450 p., [2] c. di tav.$cill.$d24 cm. 225 2 $aQuaderni di Invigilata lucernis$v7 300 $aTesto orig. a fronte 410 0$12001$aQuaderni di Invigilata lucernis 454 1$12001$aGeographica$913285 461 1$1001-------$12001 676 $a913.94 700 1$aSTRABO$0169725 702 1$aBIFFI,$bNicola 801 0$aIT$bsalbc$gISBD 912 $a990003565730203316 951 $aFG 144,4$b6693 DSA 959 $aBK 969 $aDSA 979 $aDSA$b90$c20110916$lUSA01$h0934 979 $aDSA$b90$c20110916$lUSA01$h0935 996 $aGeographica$913285 997 $aUNISA LEADER 01433nam0 22003493i 450 001 UBO1293091 005 20251003044420.0 010 $a0471926949$bJohn Wiley & Sons 010 $a0863801005$bResearch Studies Press 100 $a20071206d1990 ||||0itac50 ba 101 | $aeng 102 $agb 181 1$6z01$ai $bxxxe 182 1$6z01$an 200 1 $aRisc systems$fDaniel Tabak 210 $aTaunton (UK)$cRSP; New York [etc.]$cWiley$dc1990 215 $aXII, 300 p.$cill.$d24 cm. 225 | $aC3 :*Industrial control, computers and communications series$v4 410 0$1001MIL0306655$12001 $aC3 :*Industrial control, computers and communications series$v4 606 $aMicroprocessori$2FIR$3CFIC027016$9E 606 $aElaboratori elettronici$xStruttura$2FIR$3CFIC000902$9E 676 $a004.2$9ANALISI E PROGETTAZIONE DEI SISTEMI, ARCHITETTURA DEGLI ELABORATORI, VALUTAZIONE DELLE PRESTAZIONI$v14 676 $a004.22$9ARCHITETTURA DEGLI ELABORATORI$v22 700 1$aTabak$b, Daniel$f <1934- >$3PUVV047268$4070$013728 801 3$aIT$bIT-000000$c20071206 850 $aIT-BN0095 901 $bNAP 01$cSALA DING $n$ 912 $aUBO1293091 950 0$aBiblioteca Centralizzata di Ateneo$c1 v.$d 01SALA DING 004.2 TAB.ri$e 0102 0000004385 VMA A4 1 v.$fY $h20071206$i20071206 977 $a 01 996 $aRisc systems$91575638 997 $aUNISANNIO